Premier League Manager of the Month - 2022-2023 - Statistics

Statistiche generali
  • Questo quiz è stato fatto 10 volte
  • Il punteggio medio è 7 su 8
Statistiche sulle risposte
Mese Nazione Squadra Allenatore % Corretto
Settembre Paesi Bassi Manchester Utd Erik ten Hag
100%
Febbraio Paesi Bassi Manchester Utd Erik ten Hag
100%
Agosto Spagna Arsenal Mikel Arteta
100%
Novembre/Dicembre Spagna Arsenal Mikel Arteta
100%
Gennaio Spagna Arsenal Mikel Arteta
100%
Marzo Sppagna Arsenal Mikel Arteta
100%
Aprile Spagna Aston Villa Unai Emery
70%
Ottobre Inghilterra Newcastle Utd Eddie Howe
60%
Nessun quiz corrispondente trovato
Distribuzione punteggi
Percentuale di utenti per punteggio
Percentile per numero di risposta
I tuoi punteggi nel tempo
Non hai fatto questo quiz